000 00831nam a22001935i 4500
001 157125
003 ES-MaACL
005 20250824063053.0
008 000706s1862 sp |||| | spa d
040 _aAR
_bspa
_cAR
100 1 _aLarra y Wetoret, Luis Mariano de,
_d1830-1901
_970289
245 1 3 _aLa planta exótica
_b: comedia en tres actos y en verso /
_coriginal de Luis Mariano de Larra.
250 _a2ª. ed.
260 _aMadrid :
_b[s.n.],
_c1862 (
_fJosé Rodríguez)
300 _a85 p ;
_c19 cm.
500 _aEn port.: Representada en el teatro del Circo el 18 de diciembre de 1857.
852 _aES-MaACL
_jF-8609(4)
_z-- Enc. pasta española
_q-- Falto de la cub. original
_z-- Enc. en un vol. facticio formando parte de la col. facticia "Teatro español moderno", vol. 64
999 _c157125
_d157125